[Event "Muensterland Verbandsklasse-B 0405"]
[Site "Muensterland"]
[Date "2005.01.22"]
[Round "5.5"]
[White "Koetting, Hans Erich"]
[Black "Silies, Andreas"]
[Result "1-0"]
[WhiteElo "1875"]
[BlackElo "1508"]
[PlyCount "67"]
[EventDate "2004.09.11"]
[EventType "team"]
[EventRounds "9"]
[EventCountry "GER"]
[SourceTitle "EXT 2006"]
[Source "ChessBase"]
[SourceDate "2005.11.24"]
[SourceVersion "1"]
[SourceVersionDate "2005.11.24"]
[SourceQuality "1"]
[WhiteTeam "Duelmen"]
[BlackTeam "Luedinghausen"]
[WhiteTeamCountry "GER"]
[BlackTeamCountry "GER"]

1. Nf3 c5 2. g3 Nc6 3. Bg2 Nf6 4. 0-0 Nd4 5. Nxd4 cxd4 6. c3 dxc3 7. Nxc3 a6 8. d4 e6 9. Qa4 Rb8 10. e4 b5 11. Qb3 Bb7 12. Bf4 d6 13. a4 Qb6 14. d5 exd5 15. exd5 b4 16. a5 Qd8 17. Qxb4 Be7 18. Qa4+ Nd7 19. Bh3 Bc8 20. Ne4 0-0 21. Qa3 Nc5 22. Nxc5 Bxh3 23. Rfe1 Rb5 24. Nxa6 Rxd5 25. Nb4 Rb5 26. Nc6 Qa8 27. Nxe7+ Kh8 28. f3 Rfb8 29. Re2 Rb3 30. Qxd6 Qxf3 31. Rf2 Qa8 32. Be5 Rd8 33. Bxg7+ Kxg7 34. Qf6+ 1-0